000 00400nam a2200145 i 4500
001 101456
003 ES-MaACL
007 t|
008 051019s1955 sp ||||1| spa d
100 1 _aMedina, Aurora.
_979692
245 1 0 _aEducación de párvulos /
_cAurora Medina.
260 _aBarcelona :
_bLabor,
_c1955.
300 _aVIII, 295 p., 5 lám. ;
_c22 cm.
852 _aES-MaACL
_jC-9533
_bR.37407
999 _c101456
_d101456